000 00895nam a2200301 4500
003 EG-GICUC
005 20260121101349.0
008 251126s1937 uk ||||fr|||| 00| 0 eng d
040 _aEG-GiCUC
_beng
_cEG-GiCUC
_dEG-GiCUC
_erda
041 _aeng
082 0 4 _221
_a341.22
_bA U . G
092 0 4 _221
099 _aLaw1 11 341.22 A U . G 1 ed - 1937
100 1 _aAulaire Saint. , Comte de
_eAuthor.
245 1 0 _aGeneva versus peace /
_cComte de Saint-Aulaire.
250 _aFIRST ed
264 _aLondon :
_bsheed&ward,
_c1937.
300 _a272 pages ;
_c24 cm.
336 _2rda content
_atext
337 _2rda media
_aComputer
338 _2rda carrier
_aOnline Resource
546 _aText in English
650 1 _aInternational law
_2qrmak
651 1 _2qrmak
856 4 0 _uhttps://fll.law.cu.edu.eg/fulltext/bks/B11-06162.pdf
905 _a75
_eYara
942 _2ddc
_n0
_cBK
_e21
999 _c46295
_d46295